| 000 | 00877nam a22002177a 4500 | ||
|---|---|---|---|
| 005 | 20161104160921.0 | ||
| 010 | _a1516EN07 ENG-116445 | ||
| 020 |
_a9789352034345 _c460.00 |
||
| 035 | _aB-609204-235 | ||
| 035 | _aEN-99977 | ||
| 037 |
_adpl _bStar/Ven |
||
| 082 | _a000 | ||
| 245 |
_aIAS mains general studies paper 1: _cedited by Priya Goyal _bindian heritage & culture history & geography of the world & society/ |
||
| 250 | _aFull revised & updated ed. | ||
| 260 |
_aNew Delhi _bArihant Publicaion _c2015 |
||
| 270 |
_aRamchhaya 4577/15, Agarwal Road, Darya Ganj _bNew Delhi _e110002 |
||
| 300 |
_a855p.: _bill. _c26cm(pbk) |
||
| 700 | _aGoyal, Priya | ||
| 942 |
_2ddc _cEN _mIAS _h000 |
||
| 999 |
_c95661 _d95661 |
||